000 00237nam a2200097Ia 4500
001 1204900
005 20250827022736.0
008 250824s9999 xx 000 0 und d
245 0 _aBAB-I ESRAR
_cAHMET ÜMİT
260 _bEVEREST YAYINLARI
999 _c1204900
_d1204900